Vårt kollektiva minne i modern förvaltning
| Titel: | Vårt kollektiva minne i modern förvaltning |
|---|---|
| Verfasser: | |
| In: |
Arkiv, samhälle och forskning, Heft 1-2 (2012), Seite 6-21 alle Artikel anzeigen |
| Veröffentlicht: | 2012 |
| Format: | Aufsatz |
X
alg: 44207032 001A $03036:30-01-19 001B $01999:30-01-19 $t23:09:34.000 001D $03036:30-01-19 001U $0utf8 001X $00 002@ $0Aox 003@ $0442070322 007A $0442070322 $aHEB 007T $0ArchMa25685 011@ $a2012 021A $aVårt kollektiva minne i modern förvaltning 028A $aEngvall $dTove 031A $e1-2 $h6-21 $j2012 039B $aIn $8--Abvc--. Arkiv, samhälle och forskning. - Stockholm : Arkivsamfundet, 1980-. - ISSN 0349-0505 $x201200000000001994 $9069604827 045T $a8 $a7,22 lok: 44207032 105 exp: 44207032 105 1 #EPN 201B/01 $030-01-19 $t16:19:04.000 201C/01 $030-01-19 201U/01 $0utf8 203@/01 $01042461341 208@/01 $a13-12-18 $be 209A/01 $a/ $f106 $x00 245Z/01 $a4.11.01. $bArchivwesen Europas / Schweden / Allgemeines $x01 247C/01 $8->Marburg, Bibliographie zum Archivwesen der Archivschule Marburg $939588196X
| LEADER | 00000caa a22000002c 4500 | ||
|---|---|---|---|
| 001 | 442070322 | ||
| 003 | DE-603 | ||
| 005 | 20190130230934.0 | ||
| 007 | tu | ||
| 008 | 190130s2012 xx |||| | u00||u|und c | ||
| 035 | |a (DE-599)HEB442070322 | ||
| 040 | |a DE-603 |b ger |c DE-603 |d DE-603 | ||
| 084 | |a 8 |a 7,22 |2 ssgn | ||
| 100 | 1 | |a Engvall, Tove | |
| 245 | 0 | 0 | |a Vårt kollektiva minne i modern förvaltning |
| 264 | 0 | |c 2012 | |
| 773 | 0 | 8 | |i In |t Arkiv, samhälle och forskning |d Stockholm : Arkivsamfundet, 1980- |x 0349-0505 |g Heft 1-2 (2012), Seite 6-21 |w (DE-603)069604827 |w (DE-600)1232121-7 |
| 924 | 0 | |9 - |a (DE-603)1042461341 |b DE- |c HES |d d |g / | |